00000000nam 2200000zi 4500
0019.902425
003CaOODSP
00520241127161136
006m     o  d f      
007cr cn|||||||||
008210810s1970####oncao   o    f|0| 0 eng d
040 |aCaOODSP|beng|erda|cCaOODSP
041 |aeng|afre
043 |an-cn---
0861 |aCo22-488/1970-PDF
24504|aThe spectrum = |bLe spectre.
24611|aLe spectre
264 1|aOttawa : |bDepartment of Communications = Ministère des communications, |c[1970]
300 |a1 online resource (23 pages) : |billustrations, photographs
336 |atext|btxt|2rdacontent
337 |acomputer|bc|2rdamedia
338 |aonline resource|bcr|2rdacarrier
500 |aDigitized edition from print [produced by the Publishing and Depository Services Directorate].
546 |aText in French and English side by side.
650 0|aTelecommunication|zCanada.
650 0|aRadio broadcasting|zCanada.
7101 |aCanada. |bDepartment of Communications, |eissuing body.
788 |tThe spectrum = |efre|w(CaOODSP)9.945654
85640|qPDF|s5.35 MB|uhttps://publications.gc.ca/collections/collection_2024/isde-ised/co22/Co22-488-1970.pdf